Language in use; self-study workbook /
Guardado en:
| Autor Principal: | |
|---|---|
| Formato: | Libro |
| Publicado: |
Estados Unidos de América :
Cambridge University,
1991
|
| Etiquetas: |
Agregar Etiqueta
Sin Etiquetas, Sea el primero en etiquetar este registro!
|
| LEADER | 00435nam a22001455a 4500 | ||
|---|---|---|---|
| 001 | CEM.cems008836 | ||
| 005 | 20060214000000.0 | ||
| 008 | 130507s1991##################000#0#####d | ||
| 003 | CEMS | ||
| 082 | 0 | 4 | |a 428.64 |
| 100 | 1 | |a Doff, Adrian | |
| 245 | 1 | 0 | |a Language in use; self-study workbook / |
| 260 | |a Estados Unidos de América : |b Cambridge University, |c 1991 | ||
| 300 | |a 136 p.1 | ||
| 859 | |a CEMS |b BIB. CEMS - 11 de abril |h 428.64 |i D676-1 |p 18317.95 |t Ej.1 | ||
